|
|
|
|
| LEADER |
01746nam a2200337 i 4500 |
| 001 |
27665 |
| 003 |
BD-DhAAL |
| 005 |
20151018020002.0 |
| 008 |
131001s2013 nju 001 d eng |
| 010 |
|
|
|a 2012554101
|
| 020 |
|
|
|a 9781118323663
|
| 020 |
|
|
|a 9781118130032 (hardback)
|
| 020 |
|
|
|a 9781118180891 (binderready version)
|
| 040 |
|
|
|a DLC
|b eng
|c DLC
|e rda
|d BD-DhAAL
|
| 050 |
0 |
0 |
|a HF5635
|b .W524 2013
|
| 082 |
|
|
|2 22
|a 657
|
| 100 |
1 |
|
|a Weygandt, Jerry J.
|9 3357
|
| 245 |
1 |
0 |
|a Accounting principles /
|c Jerry J. Weygandt, PhD, CPA, University of Wisconsin--Madison, Madison, Wisconsin, Paul D. Kimmel,PhD, CPA, University of Wisconsin--Milwaukee, Milwaukee, Wisconsin, Donald E. Kieso, PhD, CPA, Northern Illinois University, Dekalb, Illinois.
|
| 250 |
|
|
|a 11th ed.
|
| 260 |
|
|
|a Hoboken, N.J. :
|b Wiley,
|c 2014.
|
| 300 |
|
|
|a xix, 1075 p.,A1-IN15, [6 p.] :
|b ill. ;
|c 28 cm.
|
| 500 |
|
|
|a Includes indexes.
|
| 541 |
|
|
|e 27665, 27666, 27667
|
| 650 |
|
0 |
|a Accounting.
|9 3358
|
| 700 |
1 |
|
|a Kimmel, Paul D.
|9 3359
|
| 700 |
1 |
|
|a Kieso, Donald E.
|9 3360
|
| 942 |
|
|
|2 ddc
|c BK
|0 2
|
| 999 |
|
|
|c 14045
|d 14045
|
| 952 |
|
|
|0 0
|1 0
|2 ddc
|4 0
|6 657_000000000000000_WEY
|7 0
|9 23550
|a BRACUL
|b BRACUL
|c GEN
|d 2013-10-01
|e Karim International
|g 9700.00
|l 35
|m 226
|o 657 WEY
|p 3010027665
|q 2026-06-02
|r 2026-04-25
|s 2026-04-25
|t 1
|w 2013-10-01
|y BK
|
| 952 |
|
|
|0 0
|1 0
|2 ddc
|4 0
|6 657_000000000000000_WEY
|7 0
|9 23551
|a BRACUL
|b BRACUL
|c GEN
|d 2013-10-01
|e Karim International
|g 9700.00
|l 31
|m 253
|o 657 WEY
|p 3010027666
|q 2025-10-08
|r 2024-06-27
|s 2024-06-27
|t 2
|w 2013-10-01
|y BK
|
| 952 |
|
|
|0 0
|1 0
|2 ddc
|4 0
|6 657_000000000000000_WEY
|7 0
|9 23552
|a BRACUL
|b BRACUL
|c GEN
|d 2013-10-01
|e Karim International
|g 9700.00
|l 44
|m 294
|o 657 WEY
|p 3010027667
|q 2026-06-02
|r 2026-02-17
|s 2026-02-17
|t 3
|v 19400.00
|w 2013-10-01
|y BK
|